000 00428nam a2200145Ia 4500
008 230917s9999||||xx |||||||||||||| ||und||
040 _e64644
_aMAIN
041 _aEnglish
082 _a301.04 G36C
100 _aGiddens, Anthony
245 0 _aCentral problems in social theory: action, structure and contradiction in social analysis
260 _aBerkeley
_bUniversity of California
_c1979
300 _a294 p.
942 _cBK
999 _c199950
_d199950